00341nam a22001097a 4500082002800000100002000028245008000048260004500128300001300173526003700186650000800223 a625.73bMAJcL-15, P-23 aMajgaonkar, V.K aRoads and earthwork engineering in questions and answers /cV.K, Majgaonkar aPoona :bUnited Book Corporation,c1952. a295 p. : a0b0c0d625_730000000000000_MAJ aMCE